| 000 | 00384nam a22001337a 4500 | ||
|---|---|---|---|
| 020 | _a9780070648371 | ||
| 082 | _a604.2 JOL | ||
| 100 |
_aA Jolhe, Dhananjay _969590 |
||
| 245 | _aEngineering drawing; with an introduction to autocad | ||
| 260 |
_aIndia _bMcGraw Hill _c2017 |
||
| 300 | _axvi,485P | ||
| 650 |
_aEngineering Drawing With an Introduction to AutoCAD _969591 |
||
| 942 | _cBK | ||
| 999 |
_c576811 _d576811 |
||